| 000 | 00593nam a2200169 i 4500 | ||
|---|---|---|---|
| 001 | 52923 | ||
| 003 | ES-MaACL | ||
| 005 | 20230906162653.0 | ||
| 007 | t| | ||
| 008 | 030910s1915 sp ||||1| spa d | ||
| 100 | 1 |
_aDelás, José María de. _943325 |
|
| 245 | 1 | 0 |
_aEstudio técnico y jurídico de seguros _b: bases y principios del seguro : el contrato de seguros contra incendios / _cpor José Mª de Delás y Félix Benítez de Lugo. |
| 260 |
_aBarcelona : _bJaime Vives, _c1915. |
||
| 300 |
_a2 v. ; _c25 cm. |
||
| 700 | 1 |
_aBenítez de Lugo, Félix. _927629 |
|
| 852 |
_aES-MaACL _jF-771-72 |
||
| 999 |
_c52923 _d52923 |
||